Представление документа в формате RUSMARC

ПолеНазваниеЗначение
  Тип записи i
  Библиографический уровень m
001 Контрольный номер 7fb81ae7be1b4203a2a662728a6ce402
005 Дата корректировки 20211217162021.5
010 Индекс ISBN __
b Уточнения в кор.
d Цена 337-00
100 Данные общей обработки __
a Данные общей обработки 20210209d2019####m y0rusy028902 ca
101 Язык документа 0_
a Язык текста rus
102 Страна публикации __
a Страна публикации RU
125 Кодированные данные звукозаписи и нотных изданий __
b Определитель литературного текста с
126 Кодированные данные (звукозаписи-физические характеристики) __
a Кодированные данные звукозаписи (общие) agbxhхх сd
127 Кодированные данные (звукозаписи-физические характеристики) __
a Продолжительность проигрывания 1236##
128 Кодированные данные (звукозаписи-физические характеристики) __
a Кодированные данные: Музыкальная форма и тональность или лад
135 Кодированные данные (электронные ресурсы) __
a Кодированные данные (электронные ресурсы) hongannnauuuu
139 Кодированные данные (электронные ресурсы) __
a Кодированные данные (электронные ресурсы) сaz
181 Поле кодированных данных: вид содержания _0
a Код вида содержания (ISBD) h
182 Поле кодированных данных: тип средства _0
a Код типа средства (ISBD) a
200 Заглавие и сведения об ответственности 1_
a Заглавие Москва 2042
e Сведения, относящиеся к заглавию [роман] : аудиокнига
f Первые сведения об ответственности Войнович ; исполняет: Всеволод Кузнецов ; продюсер: Владимир Воробьев
203 Вид содержания и тип средства __
a Вид содержания Устная речь
c Тип средства аудио
210 Выходные данные 1_
a Место издания Москва
c Издательство Союз
c Издательство Воробьев В. А.
c Издательство Покидышевъ и сыновья
d Дата издания 2019
215 Физическое описание __
a Объем 1 электрон. опт. диск (CD-ROM) (12 ч. 36 мин.)
c Иллюстрации/тип воспроизводства зв.
d Формат 12 см
225 Серия 2_
a Серия Книга вслух
225 Серия 2_
a Серия Аудиокниги Владимира Войновича
300 Общие примечания __
a Общие примечания Заглавие с этикетки диска
300 Общие примечания __
a Общие примечания Данные в формате MP3
300 Общие примечания __
a Общие примечания Новая авторская редакция
330 Аннотация __
a Аннотация Представьте себе, что у вас есть возможность путешествовать во времени. Куда бы вы отправились в первую очередь? Главный герой книги "Москва 2042" - писатель Виталий Карцев, как уже понятно из названия отправляется в Москву 2042 года из Мюнхена 1984 года. И что же он видит? В СССР все-таки построили коммунизм, правда только в отдельно взятом городе, а именно - в Москве. И называется этот коммунистический рай - Москореп (Московская Коммунистическая Республика). Город окружен шестиметровым забором с колючей проволокой и автоматически стреляющими установками. За каждым шагом жителей наблюдает Гениалиссимус. Все продукты, одежда, да что там, даже секс - исключительно по талонам. А как получить талоны? Да очень просто! Нужно всего лишь сдать «вторичный продукт» и дело в шляпе!
333 Примечание о целевом назначении __
a Примечание о целевом назначении 18+. Запрещено для детей
337 Примечание о системных требованиях (электронные ресурсы) __
a Примечание о системных требованиях (электронные ресурсы) Системные требования: персональный компьютер ; MS Windows 95/98/2000/XP/Vista/7/8/10 ; Pentium 100 ; ОЗУ 16 Мб ; монитор SVGA, 800x600 ; устройство чтения CD/DVD-ROM ; звуковая карта ; колонки или наушники ; мышь
606 Тематические рубрики __
a Основная рубрика Художественная литература
606 Тематические рубрики __
a Основная рубрика Русская литература XX в. (произведения)
610 Ключевые слова 0_
a Ключевые слова сатира
610 Ключевые слова 0_
a Ключевые слова романы
610 Ключевые слова 0_
a Ключевые слова антиутопии
610 Ключевые слова 0_
a Ключевые слова сатирическая литература
610 Ключевые слова 0_
a Ключевые слова сатирические романы
610 Ключевые слова 0_
a Ключевые слова социальная фантастика
610 Ключевые слова 0_
a Ключевые слова тема политики
610 Ключевые слова 0_
a Ключевые слова тема власти
610 Ключевые слова 0_
a Ключевые слова тема общества
610 Ключевые слова 0_
a Ключевые слова политическая сатира
610 Ключевые слова 0_
a Ключевые слова романы-антиутопии
610 Ключевые слова 0_
a Ключевые слова социальная фантастика
610 Ключевые слова 0_
a Ключевые слова фантастика
610 Ключевые слова 0_
a Ключевые слова тема путешествий во времени
610 Ключевые слова 0_
a Ключевые слова попаданцы
610 Ключевые слова 0_
a Ключевые слова тема коммунизма
686 Индексы других классификаций __
a Классификационный индекс 84(2=411.2)6-445я04; ст84(2=411.2)6-445я0
2 Код системы rubbks
700 Автор _1
a Фамилия Войнович
b Имя В. Н.
g Полное личное имя Владимир Николаевич
4 Код отношения 070
f Даты 1932-2018
702 Вторичная интеллектуальная ответственность _1
a Фамилия Кузнецов
b Имя В.
4 Код отношения 590
g Полное личное имя Всеволод
702 Вторичная интеллектуальная ответственность _1
a Фамилия Воробьев
b Имя В. А.
4 Код отношения 665
g Полное личное имя Владимир А.
801 Источник записи _0
a Страна RU
b Организация Муниципальное бюджетное учреждение культуры "Централизованная библиотечная система" г. Сургут (Центральная городская библиотека им. А. С. Пушкина)
g Правила каталогизации PSBO
c Дата составления 20210209
801 Источник записи _1
a Страна RU
b Организация Муниципальное бюджетное учреждение культуры "Централизованная библиотечная система" г. Сургут (Центральная городская библиотека им. А. С. Пушкина)
g Правила каталогизации PSBO
c Дата составления 20210209
852 Данные о местонахождении __
j Шифр хранения 84(2=411.2)6-445я04
i Авторский знак В 65
900 Макрообъекты __
a Макрообъекты Войнович. Москва 2042, 2019 г. (эл.ресурс)
901 Тип документа __
a Ответственный КиК/Мамарузиева
t Тип документа 0
903 Характеристики (МАРС) __
a Дата передачи 20210209
c Наименование библиотеки (МАРС) Муниципальное бюджетное учреждение культуры "Централизованная библиотечная система" г. Сургут (Центральная городская библиотека им. А. С. Пушкина)
969 Тип издания __
a Тип издания аудиокнига
a Тип издания издание для слепых
990 Данные о заказе (DOS) __
j Количество экземпляров (DOS) 3
t N записи в КСУ для И/У (DOS) 202102